Statistics for 3-Letter Cities on the Map

Click here to take the quiz!

General Stats

  • This quiz has been taken 58 times
  • The average score is 5 of 16

Answers on the Map

Answers color-coded by a green-red scale on the quiz's map according to % correct below.
 

Answer Stats

Approx. PopulationCity% Correct
1,112,072Fes
83%
1,125,933Ufa
63%
126,405Ulm
56%
1,201,158Qom
52%
183,164Niš
39%
292,806Osh
31%
514,479Van
30%
46,480Ayr
26%
351,456Huế
22%
1,096,300Jos
22%
86,353Gao
19%
148,934Lae
15%
75,627Pau
15%
118,331Wau
13%
154,552Ica
11%
389,376Kut
7%

Score Distribution

Percentile by Number Answered

Percent of People with Each Score

Your Score History

You have not taken this quiz